00899nmm a2200277 a 4500003000900000005001700009008004100026040001300067110003600080245006600116260006100182300002800243650002300271650002600294650001500320650002300335650002400358650002800382650002700410650002400437650001700461650001300478651001400491651001600505711010000521AR-BaBNM20251128205223.0317019s1994 ||||||||||||||000 | spa|| cAR-BaBNM2 aInstituto Antártico Argentino10aJornadas de Comunicación sobre Investigación Antárticas aBuenos AiresbDirección Nacional del Antárticoc19940 a453 p.bmapas, gráfs. 4aHISTORIA ARGENTINA 4aCIENCIAS DE LA TIERRA 4aPSICOLOGIA 4aGEOGRAFIA REGIONAL 4aGEOGRAFIA ECONOMICA 4aINVESTIGACION ECOLOGICA 4aMEDIO AMBIENTE NATURAL 4aCAMBIOS AMBIENTALES 4aOCEANOGRAFIA 4aPOLITICA 4aArgentina 4aAntártida2 aJornadas de Comunicaciones sobre Investigaciones Antárticasn3cBuenos Aires, Argentinad1994